000 00333nam a2200133Ia 4500
008 190722s9999 xx 000 0 und d
020 _a978-019-9964-3
100 _aCHI-TSONG CHEN
245 0 _aLinerar system Theory and Design
260 _aNew york
_bOxford University press
_c2011
300 _a398p.:
942 _cBK
942 _e4th
999 _c906
_d906